366... y más historias de la naturaleza / (Registro nro. 9386)

Detalles MARC
000 -LIDER
fixed length control field 00825nam a22002417a 4500
003 - IDENTIFICACDOR DE NÚMERO DE CONTROL
control field DO-SdBPM
005 - DATE AND TIME OF LATEST TRANSACTION
control field 20250613122601.0
008 - ELEMENTOS DE LONGITUD FIJA
fixed length control field 160328b1987 sp a |||| 00| 0 spa d
020 ## - ISBN
International Standard Book Number 8429829000657
040 ## - FUENTE DE CATALOGACIÓN
Agencia que crea de manera original el registro DO-SdBPM
Idioma de catalogación spa
Agencia que realiza la transcripción BPMSU
082 #4 - NÚMERO DE CLASIFICACIÓN DECIMAL DE DEWEY
Classification number 808.831
Item number M334m 1987
Edition number 22
100 1# - ASIENTO PRINCIPAL -- NOMBRE PERSONAL
Nombre personal Dalmais, Anne Marie
245 10 - MENCIÓN DE TITULO
Título 366... y más historias de la naturaleza /
Mención de responsabilidad Anne Marie Dalmais ; ilustraciones Annie Bonhomme
246 13 - VARIACION DEL TÍTULO
Título propiamente dicho o título corto Trecientas sesenta y seis y más historias de la naturaleza
260 ## - PUBLICACIÓN, DISTRIBUCIÓN, ETC. (PIE DE IMPRENTA)
Lugar de publicación, distribución, etc Madrid :
Nombre del editor, distribuidor, etc. Grupo Edider,
Fecha de publicación, distribución, etc 1987.
300 ## - DESCRIPCIÓN FÍSICA
Extensión [250] p. :
Otros detalles físicos il. ;
Dimensiones 28 cm.
590 ## - NOTA LOCAL
Texto de la nota local Inventariado, 2025/VM
650 #4 - ENCABEZAMIENTO DE MATERIA--TEMÁTICO
Término temático o nombre geográfico como elemento de entrada Cuentos infantiles
Subdivisión de forma Colecciones
650 #4 - ENCABEZAMIENTO DE MATERIA--TEMÁTICO
Término temático o nombre geográfico como elemento de entrada Leyendas de animales.
700 1# - ASIENTO SECUNDARIO -- NOMBRE PERSONAL
Nombre personal Bonhomme, Annie
Mención de responsabilidad ilustraciones
910 ## - VALIDACIÓN
Validación VMateo V. Control de calidad. BPMSU
942 ## - ADDED ENTRY ELEMENTS (KOHA)
Source of classification or shelving scheme Dewey Decimal Classification
Koha item type Libros
Existencias
Withdrawn status Lost status Source of classification or shelving scheme Damaged status Not for loan Collection code Home library Current library Date acquired Source of acquisition Total Checkouts Full call number Barcode Date last seen Price effective from Koha item type
    Dewey Decimal Classification     Colección Infantil General Biblioteca Pública Metropolitana Salomé Ureña Biblioteca Pública Metropolitana Salomé Ureña 02/22/2018 FUNDI   BPMSU CGI 808.831 M334t 1987 BPMSU18020252 02/22/2018 02/22/2018 Libros